| 000 | 01332cam a2200301 i 4500 | ||
|---|---|---|---|
| 001 | 55771 | ||
| 003 | Mx-PuUPA | ||
| 005 | 20240928114420.0 | ||
| 008 | 140415s2015 mx d gr 000 0 spa d | ||
| 020 | _a9684641754 | ||
| 040 |
_aMx-PuUPA _cMx-PuUPA _bspa _dMx-PuUPA _erda |
||
| 041 | 0 | _aspa | |
| 100 | 1 |
_aPavón Rodríguez, Víctor M., _eautor _916263 |
|
| 245 | 1 | 0 |
_aGuía para el análisis y diseño sísmico de las estructuras de concreto reforzado para contener líquidos / _cVíctor M. Pavón R. ; producción editorial, Soledad Moliné Venanzi |
| 264 | 1 |
_aMéxico, D.F. : _bInstituto Mexicano del Cemento y del Concreto, _c©2015 |
|
| 300 |
_a121 páginas : _bgráficas, diagramas, tablas ; _c28 cm |
||
| 336 |
_2rdacontent _atexto _btxt |
||
| 337 |
_2rdamedia _asin medio _bn |
||
| 338 |
_2rdacarrier _avolumen _bnc |
||
| 650 | 7 |
_2armarc _aConstrucciones antisísmicas |
|
| 650 | 7 |
_2armarc _aConstrucciones de hormigón armado _xDiseño y construcción |
|
| 650 | 7 |
_2armarc _aEstructuras hidráulicas _xEfectos de terremotos |
|
| 650 | 7 |
_2armarc _aEstructuras hidráulicas _xDiseño y construcción |
|
| 942 |
_2ddc _cLI _h624.18341 _iP33 |
||
| 999 |
_c55771 _d55771 |
||